Defense of Japan, 1978
Сохранить в:
| Формат: | |
|---|---|
| Язык: | Undetermined |
| Опубликовано: |
Tokyo
Defense Agency,
1978
|
| Предметы: | |
| Метки: |
Добавить метку
Нет меток, Требуется 1-ая метка записи!
|
| Thư viện lưu trữ: | Trung tâm Học liệu Trường Đại học Cần Thơ |
|---|
| LEADER | 00466nam a2200169Ia 4500 | ||
|---|---|---|---|
| 001 | CTU_109319 | ||
| 008 | 210402s9999 xx 000 0 und d | ||
| 082 | |a 355.033052 | ||
| 082 | |b D313/1978 | ||
| 245 | 0 | |a Defense of Japan, 1978 | |
| 260 | |a Tokyo | ||
| 260 | |b Defense Agency, | ||
| 260 | |c 1978 | ||
| 650 | |a Japan,Japan | ||
| 650 | |x Defenses,Military policy | ||
| 904 | |i Năm, Q. Hiếu (sửa) | ||
| 980 | |a Trung tâm Học liệu Trường Đại học Cần Thơ | ||